Normale Ansicht MARC-Ansicht ISBD

Crusaders as conquerors (Titelsatznr. 65386)

[ MARC ]
MARC-Details
000 -Satzkennung
Kontrollfeld mit fester Länge 01315nad a2200349 a 4500
001 - Kontrollnummer
Kontrollfeld MIU01000000000000005121583
003 - Kontrollnummer Identifier
Kontrollfeld MiU
005 - Datum und Zeit der letzten Transaktion
Kontrollfeld 20231010141111.0
007 - Feld mit fester Länge zur physischen Beschreibung - Allgemeine Information
Kontrollfeld mit fester Länge cr mnummmmuuuu
008 - Feld mit fester Länge zur physischen Beschreibung - Allgemeine Angaben
Kontrollfeld mit fester Länge 880718s1964 nyuab sb 001 0ceng d
010 ## - Kontrollnummer der Library of Congress
Gelöschte/ungültige LC-Kontrollnummer 62009367
024 7# - Anderer Standardidentifier
Standardnummer oder Code 2027/heb03041
Quelle der Nummer oder des Codes hdl
040 ## - Katalogisierungsquelle
Original-Katalogisierungsstelle MiU
Übertragungsstelle MiU
041 1# - Sprachcode
Sprachcode des Textes/der Tonspur oder des separaten Titels eng
Sprachcode der Original- und/oder Zwischenübersetzung des Textes grc
090 ## - LOCALLY ASSIGNED LC-TYPE CALL NUMBER (OCLC); LOCAL CALL NUMBER (RLIN)
Notation (OCLC) (R) ; Notation, CALL (RLIN) (NR) DF623
Local cutter number (OCLC) ; Book number/undivided call number, CALL (RLIN) (INTERNET)
130 0# - Haupteintragung - Einheitstitel
Koha-Normdatenidentnummer 37309
245 10 - Titel
Titel Crusaders as conquerors
Medium [electronic resource] :
Zusatz zum Titel the Chronicle of Morea /
Verfasserangabe etc. translated from the Greek, with notes and introduction, by Harold E. Lurier.
264 ## - Produktion, Veröffentlichung, Distribution, Herstellung und Urheberrechtsvermerk
Herstellungs-, Veröffentlichungs- Vertriebs-, Erzeugungsort New York :
Produzent, Herausgeber, Distributor, Hersteller Columbia University Press,
Datum der Herstellung, der Veröffentlichung, des Vertriebs oder des Urheberschutzvermerks 1964.
300 ## - Physische Beschreibung
Umfang 346 p. :
Andere physische Details ill., map. ;
Maße 23 cm.
336 ## - Inhaltstyp
Quelle rdacontent
Inhaltstypcode txt
Inhaltstypterm Text
337 ## - Medientyp
Quelle rdamedia
Medientypcode bc
Bezeichnung des Medientyps Computermedien
338 ## - Datenträgertyp
Quelle rdacarrier
Datenträgertypcode cr
Datenträgertypbezeichnung Online Ressource
490 ## - Gesamttitelangabe
Gesamttitelangabe Records of civilization, sources and studies ;
Bandnummer/Folgebezeichnung no. 69
504 ## - Fußnote zu Literaturverzeichnissen usw.
Fußnote zu Bibliographien usw. Includes bibliography (p. [327]-334) and index.
500 ## - Allgemeine Fußnote
Allgemeine Fußnote E-Book-ACLS / Zugriff nur im DHI-Lesesaal
500 ## - Allgemeine Fußnote
Allgemeine Fußnote American Council of Learned Societies/ https://www.humanitiesebook.org/about/
651 #0 - Nebeneintragung unter einem Schlagwort - Geografischer Name
Geografischer Name Achaia (Greece)
Koha-Normdatenidentnummer 37310
700 1# - Nebeneintragung - Personenname
Personenname Lurier, Harold E.
Koha-Normdatenidentnummer 37311
830 #0 - Nebeneintragung unter dem Gesamttitel - Einheitstitel
Einheitstitel ACLS Humanities E-Book.
Koha-Normdatenidentnummer 37312
856 40 - Elektronische Adresse und Zugriff
OPAC-Notiz Volltext
URL <a href="https://hdl.handle.net/2027/heb03041">https://hdl.handle.net/2027/heb03041</a>
942 ## - Zusätzliche Felder (Koha)
Koha-Medientyp E-Books
Exemplare
Ausgeschieden Verloren Beschädigt Nicht entleihbar Heimatbibliothek Aufenthaltsbibliothek Aufstellungsort Erwerbungsdatum Inventarnummer Signatur Barcode Letzte Aktivität Preis gültig von Koha-Medientyp
        MWN Osteuropa MWN Osteuropa Online-Ressource 10/10/2023 23-e0ACLS E-23-e0ACLS 68221 10/10/2023 10/10/2023 E-Books